<?xml version="1.0" encoding="UTF-8"?>
<collection xmlns="http://www.loc.gov/MARC21/slim">
<record>
  <controlfield tag="001">117477</controlfield>
  <controlfield tag="005">20190517162459.0</controlfield>
  <datafield tag="020" ind1=" " ind2=" ">
    <subfield code="a">3-87909-516-7</subfield>
  </datafield>
  <datafield tag="024" ind1="7" ind2=" ">
    <subfield code="a">HT007917094</subfield>
    <subfield code="2">HBZ</subfield>
  </datafield>
  <datafield tag="037" ind1=" " ind2=" ">
    <subfield code="a">ERESRWTH-2019-00009</subfield>
  </datafield>
  <datafield tag="041" ind1=" " ind2=" ">
    <subfield code="a">German</subfield>
  </datafield>
  <datafield tag="100" ind1="1" ind2=" ">
    <subfield code="a">Welsch, Wolfgang</subfield>
    <subfield code="0">P:(DE-HGF)0</subfield>
    <subfield code="b">0</subfield>
  </datafield>
  <datafield tag="245" ind1=" " ind2=" ">
    <subfield code="a">Transkulturalität. Zur veränderten Verfassung heutiger Kulturen.</subfield>
    <subfield code="c">Irmela Schneider ... (Hrsg.)</subfield>
  </datafield>
  <datafield tag="260" ind1=" " ind2=" ">
    <subfield code="a">Köln</subfield>
    <subfield code="c">1997</subfield>
    <subfield code="b">Wienand</subfield>
  </datafield>
  <datafield tag="295" ind1="1" ind2="0">
    <subfield code="a">Hybridkultur : Medien, Netze, Künste / Schneider, Irmela, Köln : Wienand, 1997,</subfield>
  </datafield>
  <datafield tag="300" ind1=" " ind2=" ">
    <subfield code="a">67-90</subfield>
  </datafield>
  <datafield tag="336" ind1="7" ind2=" ">
    <subfield code="a">BOOK_CHAPTER</subfield>
    <subfield code="2">ORCID</subfield>
  </datafield>
  <datafield tag="336" ind1="7" ind2=" ">
    <subfield code="a">Book Section</subfield>
    <subfield code="0">7</subfield>
    <subfield code="2">EndNote</subfield>
  </datafield>
  <datafield tag="336" ind1="7" ind2=" ">
    <subfield code="a">bookPart</subfield>
    <subfield code="2">DRIVER</subfield>
  </datafield>
  <datafield tag="336" ind1="7" ind2=" ">
    <subfield code="a">INBOOK</subfield>
    <subfield code="2">BibTeX</subfield>
  </datafield>
  <datafield tag="336" ind1="7" ind2=" ">
    <subfield code="a">Output Types/Book chapter</subfield>
    <subfield code="2">DataCite</subfield>
  </datafield>
  <datafield tag="336" ind1="7" ind2=" ">
    <subfield code="a">Contribution to a book</subfield>
    <subfield code="b">contb</subfield>
    <subfield code="m">contb</subfield>
    <subfield code="0">PUB:(DE-HGF)7</subfield>
    <subfield code="s">1558103065_32109</subfield>
    <subfield code="2">PUB:(DE-HGF)</subfield>
  </datafield>
  <datafield tag="490" ind1="0" ind2=" ">
    <subfield code="a">Wienand Medien</subfield>
  </datafield>
  <datafield tag="588" ind1=" " ind2=" ">
    <subfield code="a">Dataset connected to Lobid/HBZ</subfield>
  </datafield>
  <datafield tag="650" ind1=" " ind2="7">
    <subfield code="a">Film</subfield>
    <subfield code="0">(DE-588)4017102-4</subfield>
    <subfield code="2">gnd</subfield>
  </datafield>
  <datafield tag="650" ind1=" " ind2="7">
    <subfield code="a">Kultur</subfield>
    <subfield code="0">(DE-588)4125698-0</subfield>
    <subfield code="2">gnd</subfield>
  </datafield>
  <datafield tag="650" ind1=" " ind2="7">
    <subfield code="a"></subfield>
    <subfield code="0">(DE-588)4125698-0</subfield>
    <subfield code="2"></subfield>
  </datafield>
  <datafield tag="650" ind1=" " ind2="7">
    <subfield code="a">Video</subfield>
    <subfield code="0">(DE-588)4078895-7</subfield>
    <subfield code="2">gnd</subfield>
  </datafield>
  <datafield tag="650" ind1=" " ind2="7">
    <subfield code="a">Kultur</subfield>
    <subfield code="0">(DE-588)4125698-0</subfield>
    <subfield code="2">gnd</subfield>
  </datafield>
  <datafield tag="650" ind1=" " ind2="7">
    <subfield code="a"></subfield>
    <subfield code="0">(DE-588)4125698-0</subfield>
    <subfield code="2"></subfield>
  </datafield>
  <datafield tag="650" ind1=" " ind2="7">
    <subfield code="a">Postmoderne</subfield>
    <subfield code="0">(DE-588)4115604-3</subfield>
    <subfield code="2">gnd</subfield>
  </datafield>
  <datafield tag="650" ind1=" " ind2="7">
    <subfield code="a">Elektronische Medien</subfield>
    <subfield code="0">(DE-588)4151918-8</subfield>
    <subfield code="2">gnd</subfield>
  </datafield>
  <datafield tag="650" ind1=" " ind2="7">
    <subfield code="a"></subfield>
    <subfield code="0">(DE-588)4151918-8</subfield>
    <subfield code="2"></subfield>
  </datafield>
  <datafield tag="909" ind1="C" ind2="O">
    <subfield code="p">VDB</subfield>
    <subfield code="o">oai:reserves.ub.rwth-aachen.de:117477</subfield>
  </datafield>
  <datafield tag="920" ind1="1" ind2=" ">
    <subfield code="0">I:(DE-RON)19ss-2215</subfield>
    <subfield code="k">19ss-2215</subfield>
    <subfield code="l">Seminar Erziehungswissenschaft - Seminar Heterogenitaet V - Die Anderen der Bildung Unterschiedliche Dimensionen von Heterogenitaet</subfield>
    <subfield code="x">0</subfield>
  </datafield>
  <datafield tag="920" ind1="1" ind2=" ">
    <subfield code="0">I:(DE-RON)19ss-6212345</subfield>
    <subfield code="k">19ss-6212345</subfield>
    <subfield code="l">Literatur-Kurs</subfield>
    <subfield code="x">1</subfield>
  </datafield>
  <datafield tag="980" ind1=" " ind2=" ">
    <subfield code="a">contb</subfield>
  </datafield>
  <datafield tag="980" ind1=" " ind2=" ">
    <subfield code="a">VDB</subfield>
  </datafield>
  <datafield tag="980" ind1=" " ind2=" ">
    <subfield code="a">I:(DE-RON)19ss-2215</subfield>
  </datafield>
  <datafield tag="980" ind1=" " ind2=" ">
    <subfield code="a">I:(DE-RON)19ss-6212345</subfield>
  </datafield>
  <datafield tag="980" ind1=" " ind2=" ">
    <subfield code="a">UNRESTRICTED</subfield>
  </datafield>
</record>
</collection>